Escritor configurando la ficción popular (Record no. 13930)
[ view plain ]
| 000 -CABECERA | |
|---|---|
| campo de control de longitud fija | 01517nam a2200289 4500 |
| 003 - IDENTIFICADOR DEL NÚMERO DE CONTROL | |
| campo de control | EC-UNACH |
| 005 - FECHA Y HORA DE LA ÚLTIMA TRANSACCIÓN | |
| campo de control | 20250929131617.0 |
| 006 - CÓDIGOS DE INFORMACIÓN DE LONGITUD FIJA--CARACTERÍSTICAS DEL MATERIAL ADICIONAL | |
| campo de control de longitud fija | s||||gr|||| 00| 00 |
| 008 - DATOS DE LONGITUD FIJA--INFORMACIÓN GENERAL | |
| campo de control de longitud fija | 150116t9999 mx r gr 000 0 spa d |
| 020 ## - NÚMERO INTERNACIONAL ESTÁNDAR DEL LIBRO | |
| Número Internacional Estándar del Libro | 978-1-61177-677 |
| 040 ## - FUENTE DE LA CATALOGACIÓN | |
| Centro catalogador/agencia de origen | EC-UNACH |
| Centro/agencia transcriptor | EC-UNACH |
| 041 ## - CÓDIGO DE LENGUA | |
| Código de lengua del texto/banda sonora o título independiente | spa |
| 082 04 - NÚMERO DE LA CLASIFICACIÓN DECIMAL DEWEY | |
| Número de edición | 23 |
| Número de clasificación | 929 |
| Número de documento/Ítem | L018279 |
| 100 ## - ENTRADA PRINCIPAL--NOMBRE DE PERSONA | |
| Nombre de persona | L. RONALD HUBBARD |
| 245 ## - MENCIÓN DE TÍTULO | |
| Título | Escritor configurando la ficción popular |
| 250 ## - MENCIÓN DE EDICIÓN | |
| Mención de edición | Primera Edición |
| 264 ## - Producción, publicación, distribución, fabricación y copyright | |
| Lugar de producción, publicación, distribución, fabricación | Estados Unidos |
| Nombre del de productor, editor, distribuidor, fabricante | BRIDGE PUBLICATIONS |
| Fecha de de producción, publicación, distribución, fabricación o copyright | 2012 |
| 300 ## - DESCRIPCIÓN FÍSICA | |
| Extensión | 291 páginas |
| 505 ## - NOTA DE CONTENIDO CON FORMATO | |
| Nota de contenido con formato | "Crónica de la extraordinaria vida y la inmensa magnitud de los viajes de L. Ronald Hubbard. Detallando los logros del Sr. Hubbard junto con un sinnúmero de lugares que visitó; y todo contado a través de una multitud de documentos de archivo e imágenes nunca antes vistas.<br/>Conoce a L. Ronald Hubbard —la vida, el legado, el hombre— con los relatos más profundos, exhaustivos y personales de su extraordinaria vida que se hayan recopilado nunca.<br/><br/>1. Escritor. 2. Una introducción a L. Ronald Hubbard. 3. Sobre la fábrica de manuscritos. 4. El arte de escribir. 5. Notas sobre la investigación. 6. La edad de oro. 7. Unos últimos dos millones de palabras. 8. Escritores del fututro de L. Ronald Hubbard."<br/> |
| 650 ## - PUNTO DE ACCESO ADICIONAL DE MATERIA--TÉRMINO DE MATERIA | |
| Término de materia o nombre geográfico como elemento inicial | FILÁNTROPO - BIOGRAFÍA |
| 650 ## - PUNTO DE ACCESO ADICIONAL DE MATERIA--TÉRMINO DE MATERIA | |
| Término de materia o nombre geográfico como elemento inicial | FILÓSOFO - ARTISTA |
| 650 ## - PUNTO DE ACCESO ADICIONAL DE MATERIA--TÉRMINO DE MATERIA | |
| Término de materia o nombre geográfico como elemento inicial | VIDA - LOGROS |
| 942 ## - ELEMENTOS DE PUNTO DE ACCESO ADICIONAL (KOHA) | |
| Fuente del sistema de clasificación o colocación | Clasificación Decimal Dewey |
| Tipo de ítem Koha | Libros |
| 999 ## - NÚMEROS DE CONTROL DE SISTEMA (KOHA) | |
| Koha biblionumber | 13930 |
| Estado de pérdida | Fuente del sistema de clasificación o colocación | Estado dañado | No para préstamo | Localización permanente | Ubicación/localización actual | Ubicación en estantería | Fecha de adquisición | Fuente de adquisición | Número de inventario | Total de préstamos | Signatura topográfica completa | Código de barras | Fecha visto por última vez | Número de copia | Precio válido a partir de | Tipo de ítem Koha | Centro de costos |
|---|---|---|---|---|---|---|---|---|---|---|---|---|---|---|---|---|---|
| Clasificación Decimal Dewey | Biblioteca Campus Norte | Biblioteca Campus Norte | Biblioteca Campus Norte - Generalidades | 29/09/2025 | Transitoria Segunda del Reglamento de Biblioteca | 39933190 | 929 HUB L018279 | L018279 | 29/09/2025 | Ejemplar 01 | 29/09/2025 | Libros |